000
00229 a2200097 4500
001
14204
100
_a
Low W.H
245
_a
Matriculation English course
260
_a
London
_b
University tutorial press
_c
090
_c
11147
_d
11147
942
_a
NUST-CAE
_c
M
_c
1278
999
_c
249277
_d
249277